LEADER 01200nam0 22003013i 450 001 SUN0120979 005 20190409015635.729 010 $d0.00 017 70$2N$a978-3-319-33135-5 100 $a20190409d2016 |0engc50 ba 101 $aeng 102 $aCH 105 $a|||| ||||| 200 1 $a*Software Defined Networking Applications in Distributed Datacenters$fHeng Qi, Keqiu Li 205 $aCham : Springer, 2016 210 $aviii$d68 p. ; 24 cm 215 $aPubblicazione in formato elettronico 410 1$1001SUN0103890$12001 $a*SpringerBriefs in electrical and computer engineering$1210 $aBerlin$cSpringer. 620 $aCH$dCham$3SUNL001889 700 1$aQi$b, Heng$3SUNV092960$0763559 701 1$aLi$b, Keqiu$3SUNV092961$0763560 712 $aSpringer$3SUNV000178$4650 801 $aIT$bSOL$c20200921$gRICA 856 4 $uhttp://link.springer.com/openurl?genre=book&isbn=978-3-319-33135-5 912 $aSUN0120979 950 $aBIBLIOTECA CENTRO DI SERVIZIO SBA$d15CONS SBA EBOOK 3519 $e15EB 3519 20190409 996 $aSoftware Defined Networking Applications in Distributed Datacenters$91549328 997 $aUNICAMPANIA LEADER 01519nam0 22003973i 450 001 MIL0224655 005 20251003044228.0 020 $aIT$b75-7347 100 $a20190705d1975 ||||0itac50 ba 101 | $aita 102 $ait 181 1$6z01$ai $bxxxe 182 1$6z01$an 183 1$6z01$anc$2RDAcarrier 200 1 $aˆIl ‰nuovo processo del lavoro$ecommento alla Legge 11 agosto 1973, n. 533$fGian Carlo Perone 210 $aPadova$cCEDAM$d1975 215 $a719 p.$d24 cm. 606 $aControversie individuali di lavoro$2FIR$3CFIC016937$9I 606 $aPrevidenza sociale$xControversie$2FIR$3CFIC084820$9E 676 $a344.01$9$v21 676 $a344.4501$9DIRITTO DEL LAVORO. ITALIA$v23 696 $aContenziosi$aControversie giuridiche$aLiti giudiziarie$aContenzioso 699 $aControversie$yContenziosi 699 $aControversie$zControversie giuridiche 699 $aControversie$zLiti giudiziarie 699 $aControversie$zContenzioso 700 1$aPerone$b, Giancarlo$3CFIV026496$4070$0145093 790 1$aPerone$b, Gian Carlo$3MILV161055$zPerone, Giancarlo 801 3$aIT$bIT-000000$c20190705 850 $aIT-BN0095 901 $bNAP 01$cD $n$ 912 $aMIL0224655 950 0$aBiblioteca Centralizzata di Ateneo$c1 v.$d 01D (AR) 2 437$e 01AR 0070024375 VMA 1 v.$fY $h20121001$i20121001 977 $a 01 996 $aNuovo processo del lavoro$964601 997 $aUNISANNIO